La Hasil (Record no. 530034)
[ view plain ]
| 000 -LEADER | |
|---|---|
| fixed length control field | 00191nam a2200097 4500 |
| 040 ## - CATALOGING SOURCE | |
| Transcribing agency | DLC |
| 082 ## - DEWEY DECIMAL CLASSIFICATION NUMBER | |
| Classification number | 891.4393 |
| Author Mark | UME |
| 100 ## - MAIN ENTRY--PERSONAL NAME | |
| Personal name | Umera Ahmed |
| 9 (RLIN) | 20888 |
| 245 ## - TITLE STATEMENT | |
| Title | La Hasil |
| 942 ## - ADDED ENTRY ELEMENTS (KOHA) | |
| Source of classification or shelving scheme | |
| Koha item type | Book |
| Withdrawn status | Lost status | Source of classification or shelving scheme | Damaged status | Not for loan | Permanent Location | Current Location | Date acquired | Total Checkouts | Full call number | Barcode | Checked out | Date last seen | Date last checked out | Price effective from | Koha item type |
|---|---|---|---|---|---|---|---|---|---|---|---|---|---|---|---|
| School of Civil and Environmental Engineering (SCEE) | School of Civil and Environmental Engineering (SCEE) | 10/08/2019 | 2 | 891.4393 UME | NIT-9679 | 06/05/2024 | 05/21/2024 | 05/21/2024 | 10/08/2019 | Book |
